| 000 | 00355nam a2200145Ia 4500 | ||
|---|---|---|---|
| 008 | 221030s9999 xx 000 0 und d | ||
| 020 | _a0074518526 | ||
| 041 | _aEnglish | ||
| 100 | _aC. S. Rangan | ||
| 245 | 0 |
_aInstrumentation Devices & Systems _cby C. S. Rangan |
|
| 260 |
_bTMH _aDelhi _c1989 |
||
| 300 | _a527 | ||
| 650 | _aBB Computer | ||
| 942 | _cBK | ||
| 999 |
_c18878 _d18878 |
||